| 000 | 00434nam a2200169Ia 4500 | ||
|---|---|---|---|
| 008 | 221030s9999 xx 000 0 und d | ||
| 020 | _a8120306694 | ||
| 041 | _aEnglish | ||
| 082 |
_a105.23 _bGop |
||
| 100 | _aP. Gopalakrishnan | ||
| 245 | 0 |
_aMaintenance & Spare Parts Management _cby P. Gopalakrishnan, A. K.Banerjji |
|
| 260 |
_bPHI _aNew Delhi _c1997 |
||
| 300 | _a384 | ||
| 650 | _aEE | ||
| 700 | _aA. K.Banerjji | ||
| 942 | _cBK | ||
| 999 |
_c1528 _d1528 |
||